<?xml version="1.0" encoding="UTF-8"?>
<record
    xmlns:xsi="http://www.w3.org/2001/XMLSchema-instance"
    xsi:schemaLocation="http://www.loc.gov/MARC21/slim http://www.loc.gov/standards/marcxml/schema/MARC21slim.xsd"
    xmlns="http://www.loc.gov/MARC21/slim">

  <leader>03970cam a2200445 i 4500</leader>
  <controlfield tag="001">23088005</controlfield>
  <controlfield tag="003">NUST</controlfield>
  <controlfield tag="005">20250709160627.0</controlfield>
  <controlfield tag="008">230430s2024    nyua     b    001 0 eng  </controlfield>
  <datafield tag="010" ind1=" " ind2=" ">
    <subfield code="a">  2023011431</subfield>
  </datafield>
  <datafield tag="020" ind1=" " ind2=" ">
    <subfield code="a">9780197696842</subfield>
    <subfield code="q">(hardback)</subfield>
  </datafield>
  <datafield tag="020" ind1=" " ind2=" ">
    <subfield code="a">9780197696859</subfield>
    <subfield code="q">(paperback)</subfield>
  </datafield>
  <datafield tag="020" ind1=" " ind2=" ">
    <subfield code="z">9780197696866</subfield>
    <subfield code="q">(epub)</subfield>
  </datafield>
  <datafield tag="035" ind1=" " ind2=" ">
    <subfield code="a">23088005</subfield>
  </datafield>
  <datafield tag="040" ind1=" " ind2=" ">
    <subfield code="a">LBSOR</subfield>
    <subfield code="b">eng</subfield>
    <subfield code="e">rda</subfield>
    <subfield code="c">LBSOR</subfield>
    <subfield code="d">DLC</subfield>
  </datafield>
  <datafield tag="042" ind1=" " ind2=" ">
    <subfield code="a">pcc</subfield>
  </datafield>
  <datafield tag="050" ind1="0" ind2="0">
    <subfield code="a">JZ6374</subfield>
    <subfield code="b">.D54 2024</subfield>
  </datafield>
  <datafield tag="082" ind1="0" ind2="0">
    <subfield code="a">341.584</subfield>
    <subfield code="2">23/eng/20230515</subfield>
    <subfield code="b">DIE 2024</subfield>
  </datafield>
  <datafield tag="100" ind1="1" ind2=" ">
    <subfield code="a">Diehl, Paul F.</subfield>
    <subfield code="q">(Paul Francis),</subfield>
    <subfield code="e">author.</subfield>
    <subfield code="9">129566</subfield>
  </datafield>
  <datafield tag="245" ind1="1" ind2="0">
    <subfield code="a">When peacekeeping missions collide :</subfield>
    <subfield code="b">balancing multiple roles in peace operations /</subfield>
    <subfield code="c">Paul F. Diehl, Daniel Druckman, and Grace B. Mueller.</subfield>
  </datafield>
  <datafield tag="264" ind1=" " ind2="1">
    <subfield code="a">New York, NY :</subfield>
    <subfield code="b">Oxford University Press,</subfield>
    <subfield code="c">[2024]</subfield>
  </datafield>
  <datafield tag="300" ind1=" " ind2=" ">
    <subfield code="a">297 pages :</subfield>
    <subfield code="b">illustrations ;photocopy</subfield>
    <subfield code="c">25 cm</subfield>
  </datafield>
  <datafield tag="336" ind1=" " ind2=" ">
    <subfield code="a">text</subfield>
    <subfield code="b">txt</subfield>
    <subfield code="2">rdacontent</subfield>
  </datafield>
  <datafield tag="337" ind1=" " ind2=" ">
    <subfield code="a">unmediated</subfield>
    <subfield code="b">n</subfield>
    <subfield code="2">rdamedia</subfield>
  </datafield>
  <datafield tag="338" ind1=" " ind2=" ">
    <subfield code="a">volume</subfield>
    <subfield code="b">nc</subfield>
    <subfield code="2">rdacarrier</subfield>
  </datafield>
  <datafield tag="504" ind1=" " ind2=" ">
    <subfield code="a">Includes bibliographical references (pages 257-288) and index.</subfield>
  </datafield>
  <datafield tag="505" ind1="0" ind2=" ">
    <subfield code="a">The puzzle of multiple missions -- Patterns in multi-mission peace operations and theoretical expectations -- Research plan -- Limited mission cases : ONUC and UNPROFOR -- Complex mission cases : UNTAET and MONUC -- The United Nations mission in Sierra Leone (UNAMSIL) -- Conclusions and implications.</subfield>
  </datafield>
  <datafield tag="520" ind1=" " ind2=" ">
    <subfield code="a">"Most analyses of peacekeeping focus on attempts to limit violent conflict. Yet contemporary peace operations are asked to do much more, including unconventional roles of monitoring elections, facilitating transitions to the rule of law, distributing humanitarian aid, and resolving conflicts in civil societies undergoing transformation. This path-breaking work takes the lid off peace operations to explore missions (e.g., Disarmament, Demobilization, and Reintegration) that go beyond traditional peacekeeping and the ways mission outcomes influence one another. This work begins by documenting patterns of peacekeeping missions in 70 UN operations, noting the dramatic increase in number and diversity since the end of the Cold War and the shift to conflicts with a substantial internal conflict component. The core of the book examines eight expectations about how different missions interact with one another. The expectations are guided by theoretical logics associated with sequencing, compatibility, and multitasking. These are examined in five detailed case studies of UN operations: United Nations Protection Force or UNPROFOR (Bosnia); United Nations Operation in the Congo or ONUC (Congo); United Nations Transitional Administration in East Timor or UNTAET (East Timor); United Nations Organization Mission in the Democratic Republic of the Congo or MONUC (Congo); and the United Nations Mission in Sierra Leone or UNAMSIL (Sierra Leone). The final chapter reviews the findings in terms of their implications for the expectations. It also provides a policy-relevant framework for organizing the various parts and stages of a peace operation, offering a future research agenda on multiple mission peacekeeping"--</subfield>
    <subfield code="c">Provided by publisher.</subfield>
  </datafield>
  <datafield tag="610" ind1="2" ind2="0">
    <subfield code="a">United Nations</subfield>
    <subfield code="x">Peacekeeping forces</subfield>
    <subfield code="v">Case studies.</subfield>
    <subfield code="9">129567</subfield>
  </datafield>
  <datafield tag="650" ind1=" " ind2="0">
    <subfield code="a">Strategy</subfield>
    <subfield code="v">Case studies.</subfield>
    <subfield code="9">129568</subfield>
  </datafield>
  <datafield tag="650" ind1=" " ind2="0">
    <subfield code="a">Conflict management</subfield>
    <subfield code="v">Case studies.</subfield>
    <subfield code="9">104957</subfield>
  </datafield>
  <datafield tag="655" ind1=" " ind2="7">
    <subfield code="a">Case studies.</subfield>
    <subfield code="2">lcgft</subfield>
    <subfield code="0">https://id.loc.gov/authorities/genreForms/gf2017026140</subfield>
    <subfield code="9">14661</subfield>
  </datafield>
  <datafield tag="700" ind1="1" ind2=" ">
    <subfield code="a">Druckman, Daniel,</subfield>
    <subfield code="d">1939-</subfield>
    <subfield code="e">author.</subfield>
    <subfield code="9">129569</subfield>
  </datafield>
  <datafield tag="700" ind1="1" ind2=" ">
    <subfield code="a">Mueller, Grace B.,</subfield>
    <subfield code="e">author.</subfield>
    <subfield code="9">129570</subfield>
  </datafield>
  <datafield tag="776" ind1="0" ind2="8">
    <subfield code="i">Online version:</subfield>
    <subfield code="a">Diehl, Paul F. (Paul Francis).</subfield>
    <subfield code="t">When peacekeeping missions collide</subfield>
    <subfield code="d">New York, NY : Oxford University Press, [2024]</subfield>
    <subfield code="z">9780197696866</subfield>
    <subfield code="w">(DLC) 2023011432</subfield>
  </datafield>
  <datafield tag="906" ind1=" " ind2=" ">
    <subfield code="a">7</subfield>
    <subfield code="b">cbc</subfield>
    <subfield code="c">orignew</subfield>
    <subfield code="d">1</subfield>
    <subfield code="e">ecip</subfield>
    <subfield code="f">20</subfield>
    <subfield code="g">y-gencatlg</subfield>
  </datafield>
  <datafield tag="942" ind1=" " ind2=" ">
    <subfield code="2">ddc</subfield>
    <subfield code="c">BK</subfield>
  </datafield>
  <datafield tag="999" ind1=" " ind2=" ">
    <subfield code="c">614190</subfield>
    <subfield code="d">614190</subfield>
  </datafield>
  <datafield tag="952" ind1=" " ind2=" ">
    <subfield code="0">0</subfield>
    <subfield code="1">0</subfield>
    <subfield code="2">ddc</subfield>
    <subfield code="4">0</subfield>
    <subfield code="7">0</subfield>
    <subfield code="a">CIPS</subfield>
    <subfield code="b">CIPS</subfield>
    <subfield code="c">GEN</subfield>
    <subfield code="d">2025-06-04</subfield>
    <subfield code="l">1</subfield>
    <subfield code="o">341.584 DIE 2024</subfield>
    <subfield code="p">CIPS0002932</subfield>
    <subfield code="r">2025-10-13</subfield>
    <subfield code="s">2025-10-01</subfield>
    <subfield code="w">2025-07-09</subfield>
    <subfield code="y">BK</subfield>
  </datafield>
</record>
